The Hornbill And The Little Mousedeer

Bibliographic Details
Main Author: Ramidah
Format: Book
Language:English
Series:The Stripe Reading Series
Subjects:

MARC

LEADER 00000cam a2200000 7i4500
001 0000123770
005 20170928.0
008 101108t20002000 ag 0000 eng
020 |a 9839437356 
040 |a PERPUSTAM   |b eng   |c PERPUSTAM   |e rda 
090 0 0 |a J 823 SER 
100 1 |a Ramidah 
245 1 4 |a The Hornbill And The Little Mousedeer   |c Ramidah 
264 2 0 |a Selangor :   |b Mika Canggih Sdn. Bhd.   |c 2000 
300 |a 30pages :   |b illustration ;   |c 20cm. 
336 |a text, rdacontent 
337 |a unmediated  |2 rdamedia 
338 |a volume  |2 rdacarrier 
490 1 |a The Stripe Reading Series 
650 0 0 |a Junior Reading 
830 0 |a The Stripe Reading Series 
999 |a 138563   |b Buku   |c Koleksi Pinjaman Kanak-Kanak   |e Perpustakaan Cawangan Jasin